| 000 | 005340000a22001690004500 | ||
|---|---|---|---|
| 090 |
_aAR _b02867 |
||
| 245 | 1 | 0 | _aLinear strips of rain forest vegetation as potential dispersal corridors for forest insects |
| 650 | 1 | 4 |
_aInsectos _992622 |
| 650 | 1 | 4 |
_aBioindicadores _94131 |
| 650 | 1 | 4 |
_aCorredores ecológicos _975249 |
| 650 | 1 | 4 |
_aMovilidad animal _996238 |
| 650 | 1 | 4 |
_aBosques tropicales _992765 |
| 041 | 0 | _aInglés | |
| 100 | 1 |
_aHill, C. J. _996335 |
|
| 942 | _cARTICULO | ||
| 773 | 1 |
_tConservation Biology _324 _h6 _q1559-1565 _d1995 _g9 |
|
| 999 |
_c11927 _d11927 |
||